Where Are They From - City #14 - Statistics

General Stats
  • This quiz has been taken 23 times
  • The average score is 5 of 12
Answer Stats
Hint Answer % Correct
Madame Nhu, Ngô Bảo Châu, Bernard Moitessier, Nguyen Du Hanoi
74%
Lee Kuan Yew, Tila Tequila, Joseph Schooling, Julia Nickson Singapore
58%
Victoria Azarenka, Alexander Rybak, Dasha Nekrasova, Svetlana Boginskaya Minsk
53%
Didier Drogba, Wilfried Zaha, DJ Arafat, Aurelie Eliam Abidjan
47%
Guy Fawkes, David Bradley, Steve McClaren, Kate Atkinson York
47%
King Abdullah II, Kassem G, Ayah Marar, Ahmad Abughaush Amman
42%
Marco Reus, Bernhard Caesar Einstein, Mirjana Lučić-Baroni, Bernhard Hoetger Dortmund
42%
Canelo Álvarez, Guillermo del Toro, Sergio Pérez, Ximena Navarrete Guadalajara
42%
Mohammed Zahir Shah, Annet Mahendru, Aryana Sayeed, Asghar Afghan Kabul
37%
Hermann Rorschach, Sofia Milos, Bruno Ganz, Diego Benaglio Zurich
37%
Auguste Comte, Rémi Gaillard, Juliette Gréco, Aymeline Valade Montpellier
26%
Akon, Maya Angelou, Chuck Berry, Yogi Berra St. Louis
26%
No matching quizzes found
Score Distribution
Percent of People with Each Score
Percentile by Number Answered
Your Score History
You have not taken this quiz